• 首页
  • 本馆介绍
  • 公告通知
  • 最新文献
  • 馆藏检索
  • 电子资源
  • 读者导购
  • 参考咨询
  • 我的图书馆
  • 登录
  • 详细信息显示
  • 放入我的书架
  • 预约/预借图书
  • 作者相关作品
  • 分类相关作品
  • 丛书相关作品
  • 出版社相关作品

书目信息

  • 表格格式
  • 工作单格式
  • 卡片格式
题名:
学海师说
    
 
作者: 颜敏 著
分册:  
出版信息: 广州   暨南大学出版社  2016
页数: 248页
开本: 24cm
丛书名:
单 册:
中图分类: G642 , G642.0
科图分类:
主题词: 高等学校--gao deng xue xiao--教学研究
电子资源:
ISBN: 978-7-5668-1964-2
000 01555nam0 2200301 450
001 012017000071
005 20180418160315.25
010    @a978-7-5668-1964-2@b@dCNY39.80
100    @a20161217d2016 em y0chiy0121 ea
101 0  @achi
102    @aCN@b440000
105    @aa a 000yy
106    @ar
200 1  @a学海师说@Axue hai shi shuo@e本科教学研究专论@f颜敏著@g
210    @a广州@c暨南大学出版社@d2016
215    @a248页@c图@d24cm
300    @a本书为以下项目成果: 省教育厅项目: 地方本科院校跨专业研究性教学模式的探索与实践 (GDJG20141243) 省教育厅项目: 生活美学精品视频公开课建设项目 (195) 省教育厅项目: 应用型本科院校中文通识教育的课程体系建构和教学模式研究 (779) 惠州学院项目: 地方本科院校跨专业研究性教学模式的探索与实践--以中文通识课程为中心 惠州学院项目: 中文通识教育优秀教学团队 (TD2015002)
314    @a颜敏, 湖南涟源人, 文艺学博士、博士后。
320    @a有书目 (第242-246页)
330    @a本书是一位高校教师多年教学研究成果的总结。它从教学模式、课程课型、教学评价、教学灵感、教学个案等七个方面对本科教学中的问题与现象进行了系统梳理与深入分析, 其中既有高屋建瓴的理论建构, 也有鲜活灵动的现场经验; 既有对教学改革前沿的深刻洞察, 也有对教学本体因素的执着守望; 研究方法灵活多变、表述形式不拘一格、论述内容朴实敦厚, 具有很强的借鉴性和可读性。
517 1  @a本科教学研究专论@Aben ke jiao xue yan jiu zhuan lun
606 0  @a高等学校@Agao deng xue xiao@x教学研究
690    @aG642@v5
690    @aG642.0@v4
701  0 @a颜敏@Ayan min@4著
801  0 @aCN@b湖北三新@c20170315@g
905    @aBZT@dG642.0@e1
906    @dCNY39.80@n5@r1
    
    学海师说:本科教学研究专论/颜敏著.-广州:暨南大学出版社,2016
    248页:图;24cm
    本书为以下项目成果: 省教育厅项目: 地方本科院校跨专业研究性教学模式的探索与实践 (GDJG20141243) 省教育厅项目: 生活美学精品视频公开课建设项目 (195) 省教育厅项目: 应用型本科院校中文通识教育的课程体系建构和教学模式研究 (779) 惠州学院项目: 地方本科院校跨专业研究性教学模式的探索与实践--以中文通识课程为中心 惠州学院项目: 中文通识教育优秀教学团队 (TD2015002)
    
    ISBN 978-7-5668-1964-2:CNY39.80
    本书是一位高校教师多年教学研究成果的总结。它从教学模式、课程课型、教学评价、教学灵感、教学个案等七个方面对本科教学中的问题与现象进行了系统梳理与深入分析, 其中既有高屋建瓴的理论建构, 也有鲜活灵动的现场经验; 既有对教学改革前沿的深刻洞察, 也有对教学本体因素的执着守望; 研究方法灵活多变、表述形式不拘一格、论述内容朴实敦厚, 具有很强的借鉴性和可读性。
●
相关链接 在五车中查询图书 在当当中查询图书 在豆瓣中查询图书


正题名:学海师说     索取号:G642.0/1         预约/预借

序号 登录号 条形码 馆藏地/架位号 状态 备注
1 847469   2000847469   第二书库/ [索取号:G642.0/1] 在馆    
2 847470   2000847470   第二书库/ [索取号:G642.0/1] 在馆    
3 847471   2000847471   第二书库/ [索取号:G642.0/1] 在馆    
4 847472   2000847472   第二书库/ [索取号:G642.0/1] 在馆    
5 847473   2000847473   第二书库/ [索取号:G642.0/1] 在馆    
山东省滨州职业学院图书馆 欢迎您!
大连网信软件有限公司© 版权所有